[Event "Niksic International"]
[Site "Niksic"]
[Date "1983.09.10"]
[Round "14"]
[White "Petrosian, Tigran V"]
[Black "Miles, Anthony John"]
[Result "1/2-1/2"]
[WhiteElo "2605"]
[BlackElo "2585"]
[PlyCount "32"]
[EventDate "1983.08.24"]
[EventType "tourn"]
[EventRounds "15"]
[EventCountry "YUG"]
[EventCategory "14"]
[SourceTitle "MCD"]
[Source "ChessBase"]
[SourceDate "1999.07.01"]
[SourceVersion "1"]
[SourceVersionDate "1999.07.01"]
[SourceQuality "1"]

1. d4 Nf6 2. Nf3 e6 3. e3 b6 4. Bd3 Bb7 5. 0-0 d5 6. b3 Nbd7 7. Bb2 Ne4 8. Ne5 Bd6 9. f4 0-0 10. Bxe4 dxe4 11. Nd2 a5 12. a4 f6 13. Nec4 Bb4 14. Rf2 Bd5 15. Qe2 Qc8 16. Nf1 Qa6 1/2-1/2

[Event "Niksic International"]
[Site "Niksic"]
[Date "1983.09.09"]
[Round "13"]
[White "Tal, Mihail"]
[Black "Petrosian, Tigran V"]
[Result "1/2-1/2"]
[WhiteElo "2620"]
[BlackElo "2605"]
[PlyCount "37"]
[EventDate "1983.08.24"]
[EventType "tourn"]
[EventRounds "15"]
[EventCountry "YUG"]
[EventCategory "14"]
[SourceTitle "MCD"]
[Source "ChessBase"]
[SourceDate "1999.07.01"]
[SourceVersion "1"]
[SourceVersionDate "1999.07.01"]
[SourceQuality "1"]

1. e4 e6 2. d4 d5 3. Nd2 c5 4. Ngf3 cxd4 5. exd5 Qxd5 6. Bc4 Qd6 7. 0-0 Nf6 8. Nb3 Nc6 9. Nbxd4 Nxd4 10. Nxd4 a6 11. Re1 Be7 12. c3 Bd7 13. Qf3 Bc6 14. Qh3 Bd5 15. Bxd5 Nxd5 16. Bg5 0-0 17. Bxe7 Qxe7 18. c4 Nf6 19. Red1 1/2-1/2

[Event "Niksic International"]
[Site "Niksic"]
[Date "1983.09.06"]
[Round "11"]
[White "Spassky, Boris Vasilievich"]
[Black "Petrosian, Tigran V"]
[Result "1/2-1/2"]
[WhiteElo "2605"]
[BlackElo "2605"]
[PlyCount "27"]
[EventDate "1983.08.24"]
[EventType "tourn"]
[EventRounds "15"]
[EventCountry "YUG"]
[EventCategory "14"]
[SourceTitle "MCD"]
[Source "ChessBase"]
[SourceDate "1999.07.01"]
[SourceVersion "1"]
[SourceVersionDate "1999.07.01"]
[SourceQuality "1"]

1. e4 e6 2. d4 d5 3. Nc3 Nf6 4. Bg5 dxe4 5. Nxe4 Nbd7 6. Nf3 Be7 7. Nxf6+ Bxf6 8. Bxf6 Qxf6 9. Bd3 0-0 10. 0-0 e5 11. dxe5 Nxe5 12. Nxe5 Qxe5 13. c3 Be6 14. Re1 1/2-1/2

[Event "Niksic International"]
[Site "Niksic"]
[Date "1983.08.31"]
[Round "7"]
[White "Portisch, Lajos"]
[Black "Petrosian, Tigran V"]
[Result "1-0"]
[WhiteElo "2620"]
[BlackElo "2605"]
[PlyCount "95"]
[EventDate "1983.08.24"]
[EventType "tourn"]
[EventRounds "15"]
[EventCountry "YUG"]
[EventCategory "14"]
[SourceTitle "MCD"]
[Source "ChessBase"]
[SourceDate "1999.07.01"]
[SourceVersion "1"]
[SourceVersionDate "1999.07.01"]
[SourceQuality "1"]

1. c4 e5 2. Nc3 Nf6 3. g3 d5 4. cxd5 Nxd5 5. Bg2 Nb6 6. Nf3 Nc6 7. d3 Be7 8. a3 Be6 9. b4 0-0 10. 0-0 f6 11. Bb2 Qd7 12. Ne4 Rfd8 13. Qc2 Bf8 14. Rac1 Qf7 15. b5 Na5 16. Nfd2 Nb3 17. Nxb3 Bxb3 18. Qxc7 Na4 19. Qxf7+ Bxf7 20. Ba1 Rac8 21. Bh3 Rxc1 22. Rxc1 Bxa3 23. Rc7 Bd5 24. Bf5 Bb4 25. g4 Ba5 26. Rc1 h6 27. h4 Kf8 28. h5 Bb6 29. Kf1 Ke7 30. Nd2 Be6 31. Ne4 Bd5 32. Ng3 Kf8 33. Be4 Nc5 34. Bxd5 Rxd5 35. Bb2 Ne6 36. Ba3+ Kg8 37. Rc8+ Kh7 38. Re8 Nf4 39. Bc1 Rxb5 40. Bxf4 exf4 41. Nf5 a5 42. Rb8 f3 43. exf3 Bc7 44. Rc8 Rc5 45. d4 Rc1+ 46. Kg2 Bf4 47. Rd8 Rc7 48. d5 1-0

[Event "Niksic International"]
[Site "Niksic"]
[Date "1983.08.25"]
[Round "2"]
[White "Kasparov, Garry"]
[Black "Petrosian, Tigran V"]
[Result "1-0"]
[WhiteElo "2690"]
[BlackElo "2605"]
[PlyCount "101"]
[EventDate "1983.08.24"]
[EventType "tourn"]
[EventRounds "15"]
[EventCountry "YUG"]
[EventCategory "14"]
[SourceTitle "Kasparov"]
[Source "ChessBase"]
[SourceDate "1999.07.01"]
[SourceVersion "1"]
[SourceVersionDate "2005.01.01"]
[SourceQuality "1"]

1. d4 e6 2. c4 f5 3. g3 Nf6 4. Bg2 d5 5. Nf3 Be7 6. 0-0 0-0 7. b3 c6 8. Qc2 Bd7 9. Bb2 Be8 10. Ne5 Nbd7 11. Nd3 Bh5 12. Nc3 Bd6 13. f3 Bg6 14. e3 Rc8 15. Qe2 Re8 16. Qf2 a6 17. Rac1 Qe7 18. Rfe1 Qf8 19. Rcd1 dxc4 20. bxc4 c5 21. Bf1 Bf7 22. Na4 cxd4 23. exd4 b5 24. cxb5 axb5 25. Nac5 b4 26. Rc1 Qe7 27. Bh3 Qd8 28. Nxb4 Qa5 29. Nc6 Qxa2 30. Nxd7 Nxd7 31. d5 Qxd5 32. Red1 Bc5 33. Rxd5 Bxf2+ 34. Kxf2 exd5 35. Bxf5 Nb6 36. Bxc8 Nxc8 37. Ba3 h6 38. Rb1 Re6 39. Nd4 Ra6 40. Bc5 Nd6 41. Rb8+ Kh7 42. g4 Ra4 43. Ke3 Nc4+ 44. Kf4 g5+ 45. Kg3 Ra2 46. Rb7 Kg6 47. Nf5 Ra6 48. h4 gxh4+ 49. Nxh4+ Kg7 50. Nf5+ Kg6 51. Bd4 1-0

[Event "URS-chT Republics 16th final A"]
[Site "Moscow"]
[Date "1983.07.23"]
[Round "2"]
[White "Petrosian, Tigran V"]
[Black "Bagirov, Vladimir"]
[Result "1/2-1/2"]
[WhiteElo "2580"]
[BlackElo "2505"]
[PlyCount "35"]
[EventDate "1983.07.23"]
[EventType "team-tourn"]
[EventRounds "5"]
[EventCountry "URS"]
[SourceTitle "EXT 2020"]
[Source "ChessBase"]
[SourceDate "2019.10.17"]
[SourceVersion "1"]
[SourceVersionDate "2019.10.17"]
[SourceQuality "1"]
[WhiteTeam "Moscow"]
[BlackTeam "Latvia"]
[WhiteTeamCountry "RUS"]
[BlackTeamCountry "LAT"]

1. d4 d5 2. c4 c6 3. Nf3 Nf6 4. Qb3 dxc4 5. Qxc4 Bf5 6. g3 e6 7. Bg2 Nbd7 8. 0-0 Be7 9. Nc3 0-0 10. Be3 Nd5 11. Bd2 Nxc3 12. bxc3 Be4 13. a4 Nb6 14. Qa2 Qd5 15. Ne1 Qxa2 16. Rxa2 Bd5 17. Ra1 Nc4 18. Bc1 1/2-1/2

[Event "URS-chT Republics 16th Group2"]
[Site "Moscow"]
[Date "1983.07.19"]
[Round "4"]
[White "Vladimirov, Yevgeniy"]
[Black "Petrosian, Tigran V"]
[Result "1/2-1/2"]
[WhiteElo "2500"]
[BlackElo "2580"]
[PlyCount "29"]
[EventDate "1983.07.15"]
[EventType "team-tourn"]
[EventRounds "5"]
[EventCountry "URS"]
[SourceTitle "EXT 2020"]
[Source "ChessBase"]
[SourceDate "2019.10.17"]
[SourceVersion "1"]
[SourceVersionDate "2019.10.17"]
[SourceQuality "1"]
[WhiteTeam "Kazakhstan"]
[BlackTeam "Moscow"]
[WhiteTeamCountry "KAZ"]
[BlackTeamCountry "RUS"]

1. d4 Nf6 2. c4 e6 3. Nf3 b6 4. g3 Bb7 5. Bg2 Be7 6. 0-0 0-0 7. Nc3 Ne4 8. Nxe4 Bxe4 9. Ne1 Bxg2 10. Nxg2 d5 11. Qa4 Qd7 12. Qxd7 Nxd7 13. cxd5 exd5 14. Nf4 Nf6 15. b3 1/2-1/2

[Event "URS-chT Republics 16th Group2"]
[Site "Moscow"]
[Date "1983.07.15"]
[Round "1"]
[White "Sabitov, Odil"]
[Black "Petrosian, Tigran V"]
[Result "0-1"]
[WhiteElo "2240"]
[BlackElo "2580"]
[PlyCount "62"]
[EventDate "1983.07.15"]
[EventType "team-tourn"]
[EventRounds "5"]
[EventCountry "URS"]
[SourceTitle "EXT 2020"]
[Source "ChessBase"]
[SourceDate "2019.10.17"]
[SourceVersion "1"]
[SourceVersionDate "2019.10.17"]
[SourceQuality "1"]
[WhiteTeam "Tajikistan"]
[BlackTeam "Moscow"]
[WhiteTeamCountry "TJK"]
[BlackTeamCountry "RUS"]

1. e4 d6 2. d4 g6 3. Nc3 Bg7 4. Bc4 e6 5. Nf3 Ne7 6. Bg5 h6 7. Bh4 a6 8. 0-0 Nd7 9. Qe2 g5 10. Bg3 Ng6 11. e5 g4 12. Nd2 dxe5 13. d5 exd5 14. Nxd5 0-0 15. f3 b5 16. Bb3 Nc5 17. Rad1 Nxb3 18. Nxb3 Qg5 19. Nd2 f5 20. Nxc7 Ra7 21. Nd5 Be6 22. f4 Qd8 23. Nc3 Qc8 24. a3 Re7 25. Qe3 exf4 26. Rxf4 Bd5 27. Qf2 Nxf4 28. Bxf4 Bf7 29. Bd6 Rd7 30. Nb3 Rfd8 31. Qg3 Qc6 0-1

[Event "URS-ch50 Final"]
[Site "Moscow"]
[Date "1983.04.21"]
[Round "13"]
[White "Polugaevsky, Lev"]
[Black "Petrosian, Tigran V"]
[Result "0-1"]
[WhiteElo "2625"]
[BlackElo "2605"]
[PlyCount "48"]
[EventDate "1983.04.03"]
[EventType "tourn"]
[EventRounds "17"]
[EventCountry "URS"]
[EventCategory "14"]
[SourceTitle "URS-ch"]
[Source "ChessBase"]
[SourceDate "1999.07.01"]
[SourceVersion "1"]
[SourceVersionDate "1999.07.01"]
[SourceQuality "1"]

1. Nf3 g6 2. d4 Bg7 3. c4 d6 4. Nc3 e5 5. e4 Nc6 6. dxe5 Nxe5 7. Nd4 a6 8. Be2 c5 9. Nc2 Be6 10. Nd5 Bxd5 11. exd5 Ne7 12. 0-0 0-0 13. Rb1 Nf5 14. b4 cxb4 15. Rxb4 Qc7 16. Bb2 Rfe8 17. Nd4 Nxd4 18. Bxd4 Nd7 19. Be3 Rxe3 20. fxe3 Nc5 21. Qc2 Re8 22. Rf3 Bh6 23. Qc3 Qe7 24. Rb6 Na4 0-1

[Event "URS-ch50 Final"]
[Site "Moscow"]
[Date "1983.04.18"]
[Round "12"]
[White "Petrosian, Tigran V"]
[Black "Razuvaev, Yuri S"]
[Result "0-1"]
[WhiteElo "2605"]
[BlackElo "2520"]
[PlyCount "88"]
[EventDate "1983.04.03"]
[EventType "tourn"]
[EventRounds "17"]
[EventCountry "URS"]
[EventCategory "14"]
[SourceTitle "URS-ch"]
[Source "ChessBase"]
[SourceDate "1999.07.01"]
[SourceVersion "1"]
[SourceVersionDate "1999.07.01"]
[SourceQuality "1"]

1. d4 Nf6 2. Nf3 e6 3. e3 d5 4. Bd3 c5 5. b3 Nc6 6. 0-0 Bd6 7. Bb2 0-0 8. c4 b6 9. Nc3 Bb7 10. cxd5 exd5 11. dxc5 bxc5 12. Rc1 d4 13. Nb5 Be7 14. exd4 a6 15. d5 Nxd5 16. Nc3 Nf4 17. Bc4 Nd4 18. Nxd4 cxd4 19. Ne2 Nxg2 20. Qxd4 Qxd4 21. Nxd4 Bf6 22. Rfd1 Rfd8 23. Ba1 Nh4 24. Be2 Rd7 25. Bg4 Rd5 26. Rc7 Rg5 27. Rxb7 Rxg4+ 28. Kf1 Rd8 29. Re1 h5 30. h3 Rgxd4 31. Bxd4 Rxd4 32. Re8+ Kh7 33. Rxf7 Ng6 34. Rc7 Rd2 35. Re2 Rd1+ 36. Re1 Rd2 37. Re2 Rd5 38. Rc4 Ne5 39. Ra4 a5 40. Re3 Kg6 41. Ke2 Kf5 42. b4 axb4 43. Rxb4 Bg5 44. Reb3 Nc6 0-1

[Event "URS-ch50 Final"]
[Site "Moscow"]
[Date "1983.04.13"]
[Round "8"]
[White "Petrosian, Tigran V"]
[Black "Beliavsky, Alexander G"]
[Result "1-0"]
[WhiteElo "2605"]
[BlackElo "2570"]
[PlyCount "82"]
[EventDate "1983.04.03"]
[EventType "tourn"]
[EventRounds "17"]
[EventCountry "URS"]
[EventCategory "14"]
[SourceTitle "URS-ch"]
[Source "ChessBase"]
[SourceDate "1999.07.01"]
[SourceVersion "1"]
[SourceVersionDate "1999.07.01"]
[SourceQuality "1"]

1. d4 d5 2. c4 e6 3. Nc3 Nf6 4. cxd5 exd5 5. Bg5 Be7 6. e3 0-0 7. Bd3 Nbd7 8. Nf3 Re8 9. 0-0 c6 10. Qc2 Nf8 11. a3 Ne4 12. Bf4 Ng5 13. Nxg5 Bxg5 14. Bxg5 Qxg5 15. Rae1 Bd7 16. f4 Qh6 17. Qf2 Re7 18. f5 g6 19. e4 dxe4 20. Nxe4 gxf5 21. Qg3+ Kh8 22. Nd6 f4 23. Rxe7 Qxd6 24. Rxd7 Qxd7 25. Qxf4 Rd8 26. Qf6+ Kg8 27. Kh1 Qxd4 28. Qxf7+ Kh8 29. Qe7 Ng6 30. Bxg6 hxg6 31. h3 b5 32. Rf6 Rg8 33. Rxc6 Rg7 34. Qg5 Kh7 35. Kh2 b4 36. Rf6 bxa3 37. bxa3 Qc4 38. Rf4 Qc7 39. Qh4+ Kg8 40. Qg3 a5 41. a4 Qb6 1-0

[Event "URS-ch50 Final"]
[Site "Moscow"]
[Date "1983.04.09"]
[Round "6"]
[White "Petrosian, Tigran V"]
[Black "Lerner, Konstantin Z"]
[Result "1/2-1/2"]
[WhiteElo "2605"]
[BlackElo "2525"]
[PlyCount "177"]
[EventDate "1983.04.03"]
[EventType "tourn"]
[EventRounds "17"]
[EventCountry "URS"]
[EventCategory "14"]
[SourceTitle "URS-ch"]
[Source "ChessBase"]
[SourceDate "1999.07.01"]
[SourceVersion "1"]
[SourceVersionDate "1999.07.01"]
[SourceQuality "1"]

1. Nf3 Nf6 2. c4 e6 3. Nc3 d5 4. d4 Be7 5. Bg5 h6 6. Bh4 0-0 7. Qc2 c5 8. dxc5 dxc4 9. e3 Qa5 10. Bxc4 Qxc5 11. Bd3 Nc6 12. a3 Bd7 13. b4 Qb6 14. Na4 Qd8 15. 0-0 Nd5 16. Bg3 Rc8 17. Qb3 a5 18. e4 Nd4 19. Nxd4 Bxa4 20. Qxa4 Nc3 21. Qc2 Qxd4 22. bxa5 Rfd8 23. Be2 Nxe4 24. Qb3 Nd2 25. Qxb7 Nxf1 26. Rxf1 Bh4 27. Bxh4 Qxh4 28. Bb5 Rb8 29. Qc6 Rdc8 30. Qd7 Rd8 31. Qc6 Rdc8 32. Qd7 Qd8 33. Qxd8+ Rxd8 34. a4 Rbc8 35. a6 Kf8 36. h3 Rd4 37. Ra1 Ke7 38. Be2 e5 39. a5 Rb8 40. Rc1 Kd6 41. Bg4 Rb5 42. Ra1 Rb8 43. a7 Ra8 44. a6 Rc4 45. Rd1+ Kc6 46. Rb1 Rxa7 47. Bc8 Rd4 48. Bb7+ Kd7 49. g3 Rd6 50. h4 Raxa6 51. Bxa6 Rxa6 52. Kg2 Ke6 53. Rb7 Rd6 54. Kf3 Rd3+ 55. Ke4 Rd7 56. Rb6+ Rd6 57. Rb5 f5+ 58. Kf3 Kf6 59. Rb2 e4+ 60. Kf4 g5+ 61. hxg5+ hxg5+ 62. Ke3 Ke5 63. Rb8 f4+ 64. gxf4+ gxf4+ 65. Ke2 f3+ 66. Ke1 Rd5 67. Rh8 Kf6 68. Rh4 Rd4 69. Rh8 Rd6 70. Rh5 Ke6 71. Rh6+ Ke5 72. Rh8 Kf5 73. Rf8+ Rf6 74. Rh8 Ra6 75. Rf8+ Kg5 76. Rg8+ Rg6 77. Rh8 Kf4 78. Rf8+ Kg4 79. Rh8 Rg5 80. Kd2 Kf4 81. Rf8+ Rf5 82. Rh8 Rd5+ 83. Ke1 Kg4 84. Rg8+ Kh4 85. Rh8+ Rh5 86. Rg8 Ra5 87. Rh8+ Kg5 88. Rg8+ Kf5 89. Rf8+ 1/2-1/2

[Event "URS-ch50 Final+"]
[Site "Moscow"]
[Date "1983.04.04"]
[Round "2"]
[White "Tal, Mihail"]
[Black "Petrosian, Tigran V"]
[Result "1/2-1/2"]
[WhiteElo "2620"]
[BlackElo "2605"]
[PlyCount "56"]
[EventDate "1983.04.03"]
[EventType "tourn"]
[EventRounds "9"]
[EventCountry "URS"]
[EventCategory "14"]
[SourceTitle "URS-ch"]
[Source "ChessBase"]
[SourceDate "1999.07.01"]
[SourceVersion "1"]
[SourceVersionDate "1999.07.01"]
[SourceQuality "1"]

1. e4 e6 2. d4 d5 3. Nc3 Bb4 4. e5 c5 5. a3 Bxc3+ 6. bxc3 Ne7 7. Qg4 Nf5 8. Bd3 h5 9. Qf4 Qh4 10. Ne2 Qxf4 11. Nxf4 Ne7 12. Be2 h4 13. Nh5 Kf8 14. Bg5 cxd4 15. cxd4 b6 16. 0-0-0 Ba6 17. Bxa6 Nxa6 18. g4 Ng6 19. f4 Rc8 20. Rhg1 Nc7 21. Rd3 Ne8 22. Rf1 Ne7 23. f5 exf5 24. Rdf3 g6 25. Nf4 fxg4 26. Ne6+ Kg8 27. Rxf7 Nf5 28. Rf8+ Kh7 1/2-1/2

[Event "Keres Memorial-04"]
[Site "Tallinn"]
[Date "1983.03.08"]
[Round "13"]
[White "Petrosian, Tigran V"]
[Black "Karner, Hillar"]
[Result "1-0"]
[WhiteElo "2605"]
[BlackElo "2415"]
[PlyCount "79"]
[EventDate "1983.02.21"]
[EventType "tourn"]
[EventRounds "15"]
[EventCountry "URS"]
[EventCategory "10"]
[SourceTitle "MCD"]
[Source "ChessBase"]
[SourceDate "1999.07.01"]
[SourceVersion "1"]
[SourceVersionDate "1999.07.01"]
[SourceQuality "1"]

1. d4 Nf6 2. c4 d6 3. Nc3 g6 4. e4 Bg7 5. f3 c5 6. dxc5 dxc5 7. Qxd8+ Kxd8 8. Bg5 Nfd7 9. f4 Nc6 10. Nf3 Nd4 11. 0-0-0 Nxf3 12. gxf3 f6 13. Bh4 Ke8 14. Bh3 Nb6 15. Bxc8 Rxc8 16. b3 Bh6 17. Ne2 Kf7 18. Kc2 Rhd8 19. Bf2 Rxd1 20. Rxd1 f5 21. Be3 Ke8 22. h4 Nd7 23. h5 Bf8 24. Rh1 Rc6 25. Ng3 Re6 26. hxg6 hxg6 27. Bd2 Ra6 28. a4 e6 29. Bc3 Rc6 30. Ne2 Rc8 31. Nc1 b6 32. Nd3 Rd8 33. Rh7 a5 34. Kd2 Be7 35. Ke3 g5 36. Rg7 fxe4 37. Kxe4 Bf6 38. Rxd7 Bxc3 39. Rxd8+ Kxd8 40. fxg5 1-0

[Event "Keres Memorial-04"]
[Site "Tallinn"]
[Date "1983.03.07"]
[Round "12"]
[White "Schussler, Harry"]
[Black "Petrosian, Tigran V"]
[Result "1/2-1/2"]
[WhiteElo "2485"]
[BlackElo "2605"]
[PlyCount "47"]
[EventDate "1983.02.21"]
[EventType "tourn"]
[EventRounds "15"]
[EventCountry "URS"]
[EventCategory "10"]
[SourceTitle "MCD"]
[Source "ChessBase"]
[SourceDate "1999.07.01"]
[SourceVersion "1"]
[SourceVersionDate "1999.07.01"]
[SourceQuality "1"]

1. d4 Nf6 2. c4 c5 3. d5 e6 4. Nc3 exd5 5. cxd5 d6 6. e4 g6 7. Bf4 a6 8. Nf3 b5 9. e5 dxe5 10. Nxe5 Bd6 11. Be2 0-0 12. 0-0 b4 13. Nc6 Qc7 14. Bxd6 Qxd6 15. Na4 Nbd7 16. Rc1 Kg7 17. Na5 Rb8 18. Nb3 Qxd5 19. Qxd5 Nxd5 20. Naxc5 Nf4 21. Rfe1 Nxc5 22. Nxc5 Nxe2+ 23. Rxe2 Rd8 24. f3 1/2-1/2

[Event "Keres Memorial-04"]
[Site "Tallinn"]
[Date "1983.03.03"]
[Round "9"]
[White "Vaganian, Rafael A"]
[Black "Petrosian, Tigran V"]
[Result "1/2-1/2"]
[WhiteElo "2550"]
[BlackElo "2605"]
[PlyCount "35"]
[EventDate "1983.02.21"]
[EventType "tourn"]
[EventRounds "15"]
[EventCountry "URS"]
[EventCategory "10"]
[SourceTitle "MCD"]
[Source "ChessBase"]
[SourceDate "1999.07.01"]
[SourceVersion "1"]
[SourceVersionDate "1999.07.01"]
[SourceQuality "1"]

1. c4 Nf6 2. Nf3 e6 3. g3 b6 4. Bg2 Bb7 5. 0-0 Be7 6. Nc3 0-0 7. d4 Ne4 8. Qc2 Nxc3 9. Qxc3 c5 10. Rd1 d6 11. b3 Bf6 12. Bb2 Qe7 13. Qc2 Nc6 14. e4 e5 15. d5 Nd4 16. Bxd4 cxd4 17. a4 a5 18. Ne1 1/2-1/2

[Event "EU-chT 08th Final"]
[Site "Plovdiv"]
[Date "1983.??.??"]
[Round "5.3"]
[White "Petrosian, Tigran V"]
[Black "Nikolic, Predrag"]
[Result "1/2-1/2"]
[WhiteElo "2605"]
[BlackElo "2490"]
[PlyCount "46"]
[EventDate "1983.06.23"]
[EventType "team-tourn"]
[EventRounds "7"]
[EventCountry "BUL"]
[SourceTitle "EU-chT"]
[Source "ChessBase"]
[SourceDate "1999.07.01"]
[SourceVersion "2"]
[SourceVersionDate "1999.07.01"]
[SourceQuality "1"]
[WhiteTeam "Soviet Union"]
[BlackTeam "Yugoslavia"]
[WhiteTeamCountry "URS"]
[BlackTeamCountry "YUG"]

1. c4 e6 2. g3 d5 3. Bg2 c6 4. Qc2 Bd6 5. d4 f5 6. Nf3 Nf6 7. 0-0 0-0 8. b3 Bd7 9. Ba3 Bxa3 10. Nxa3 Qe7 11. Qb2 Be8 12. Ne5 g5 13. Nc2 Nbd7 14. cxd5 exd5 15. f4 Ng4 16. Qc3 a5 17. Rae1 gxf4 18. gxf4 Ndf6 19. Qh3 Kh8 20. Qh4 Ng8 21. Qg3 N8f6 22. Qh4 Ng8 23. Qg3 N8f6 1/2-1/2

[Event "EU-chT 08th Final"]
[Site "Plovdiv"]
[Date "1983.??.??"]
[Round "1.2"]
[White "Petrosian, Tigran V"]
[Black "Radulov, Ivan"]
[Result "1-0"]
[WhiteElo "2605"]
[BlackElo "2495"]
[PlyCount "81"]
[EventDate "1983.06.23"]
[EventType "team-tourn"]
[EventRounds "7"]
[EventCountry "BUL"]
[SourceTitle "EU-chT"]
[Source "ChessBase"]
[SourceDate "1999.07.01"]
[SourceVersion "2"]
[SourceVersionDate "1999.07.01"]
[SourceQuality "1"]
[WhiteTeam "Soviet Union"]
[BlackTeam "Bulgaria"]
[WhiteTeamCountry "URS"]
[BlackTeamCountry "BUL"]

1. d4 d5 2. c4 dxc4 3. Nc3 e6 4. e4 c5 5. d5 exd5 6. Nxd5 Nf6 7. Bxc4 Nxd5 8. Bxd5 Bd6 9. Qh5 g6 10. Qh6 Bf8 11. Qe3 Nd7 12. Qb3 Qe7 13. Nf3 h6 14. Bf4 Bg7 15. 0-0-0 c4 16. Qxc4 0-0 17. Bd6 Qe8 18. Bxf8 Qxf8 19. Kb1 Nb6 20. Qe2 Nxd5 21. Rxd5 Be6 22. Rb5 Rc8 23. Rxb7 Qc5 24. Rd1 a5 25. Rb5 Qc7 26. Rbd5 Bxd5 27. exd5 Qd6 28. Rd2 a4 29. a3 Rb8 30. Ka2 Qb6 31. d6 Qb3+ 32. Kb1 Qxa3 33. d7 Qf8 34. Ne5 Bxe5 35. Qxe5 Rd8 36. Qd6 Qxd6 37. Rxd6 Kf8 38. Ka2 Ke7 39. Rd2 Ke6 40. Ka3 Ke7 41. h4 1-0

[Event "Interpolis-06"]
[Site "Tilburg"]
[Date "1982.10.16"]
[Round "11"]
[White "Smyslov, Vassily V"]
[Black "Petrosian, Tigran V"]
[Result "1/2-1/2"]
[WhiteElo "2565"]
[BlackElo "2605"]
[PlyCount "22"]
[EventDate "1982.09.30"]
[EventType "tourn"]
[EventRounds "11"]
[EventCountry "NED"]
[EventCategory "14"]
[SourceTitle "MCD"]
[Source "ChessBase"]
[SourceDate "1999.07.01"]
[SourceVersion "1"]
[SourceVersionDate "1999.07.01"]
[SourceQuality "1"]

1. c4 Nf6 2. Nf3 e6 3. d4 b6 4. g3 Bb7 5. Bg2 Be7 6. 0-0 0-0 7. Nc3 Ne4 8. Nxe4 Bxe4 9. Ne1 Bxg2 10. Nxg2 d5 11. Qa4 Qd7 1/2-1/2

[Event "Interpolis-06"]
[Site "Tilburg"]
[Date "1982.10.07"]
[Round "6"]
[White "Petrosian, Tigran V"]
[Black "Timman, Jan H"]
[Result "1/2-1/2"]
[WhiteElo "2605"]
[BlackElo "2655"]
[PlyCount "57"]
[EventDate "1982.09.30"]
[EventType "tourn"]
[EventRounds "11"]
[EventCountry "NED"]
[EventCategory "14"]
[SourceTitle "MCD"]
[Source "ChessBase"]
[SourceDate "1999.07.01"]
[SourceVersion "1"]
[SourceVersionDate "1999.07.01"]
[SourceQuality "1"]

1. d4 Nf6 2. Nf3 e6 3. c4 b6 4. g3 Ba6 5. b3 Bb4+ 6. Bd2 Be7 7. Bg2 0-0 8. 0-0 c6 9. Bc3 d5 10. Ne5 Nfd7 11. Nxd7 Nxd7 12. Nd2 Rc8 13. Re1 c5 14. cxd5 exd5 15. Qb1 Nf6 16. Qb2 Re8 17. a3 Qd7 18. Rac1 Rc7 19. e3 Rec8 20. dxc5 bxc5 21. Be5 Rb7 22. h3 Rb6 23. Qa1 Bb7 24. Red1 Qe6 25. Bc3 Bc6 26. Re1 Qd7 27. Red1 Qe6 28. Re1 Qd7 29. Red1 1/2-1/2

[Event "Interpolis-06"]
[Site "Tilburg"]
[Date "1982.10.06"]
[Round "5"]
[White "Portisch, Lajos"]
[Black "Petrosian, Tigran V"]
[Result "0-1"]
[WhiteElo "2630"]
[BlackElo "2605"]
[PlyCount "110"]
[EventDate "1982.09.30"]
[EventType "tourn"]
[EventRounds "11"]
[EventCountry "NED"]
[EventCategory "14"]
[SourceTitle "MCD"]
[Source "ChessBase"]
[SourceDate "1999.07.01"]
[SourceVersion "1"]
[SourceVersionDate "1999.07.01"]
[SourceQuality "1"]

1. c4 e5 2. Nc3 Nc6 3. g3 g6 4. Bg2 Bg7 5. e3 d6 6. Nge2 h5 7. d4 h4 8. d5 Nb8 9. e4 Bg4 10. Qa4+ Kf8 11. Ng1 Na6 12. f3 Bd7 13. Qc2 Nb4 14. Qe2 a5 15. Be3 Nf6 16. 0-0-0 Bh6 17. Bh3 Kg7 18. Bxd7 Nxd7 19. Nh3 Bxe3+ 20. Qxe3 Nb6 21. c5 Nd7 22. cxd6 cxd6 23. Kb1 Rc8 24. Nf2 Nb6 25. b3 a4 26. Rc1 axb3 27. axb3 Nd7 28. Nd3 Qa5 29. Nxb4 Qxb4 30. Na2 Qa3 31. Rxc8 Rxc8 32. Rc1 Ra8 33. Rc2 hxg3 34. hxg3 Nc5 35. f4 Ra4 36. fxe5 Rxe4 37. Qc3 Rxe5 38. Nc1 Ne4 39. Qc8 Rxd5 40. Rh2 Rh5 41. Rxh5 gxh5 42. Qxb7 d5 43. Qc7 Qb4 44. Qe5+ Kg6 45. Qe8 Nf6 46. Qc6 Qe4+ 47. Qc2 Kg5 48. Nd3 Qe3 49. b4 Ne4 50. b5 Nd2+ 51. Ka2 Qa7+ 52. Kb2 Nc4+ 53. Kc3 Qa1+ 54. Nb2 Qe1+ 55. Kb3 Qxg3+ 0-1

[Event "Interpolis-06"]
[Site "Tilburg"]
[Date "1982.10.02"]
[Round "3"]
[White "Petrosian, Tigran V"]
[Black "Huebner, Robert"]
[Result "1/2-1/2"]
[WhiteElo "2605"]
[BlackElo "2630"]
[PlyCount "52"]
[EventDate "1982.09.30"]
[EventType "tourn"]
[EventRounds "11"]
[EventCountry "NED"]
[EventCategory "14"]
[SourceTitle "MCD"]
[Source "ChessBase"]
[SourceDate "1999.07.01"]
[SourceVersion "1"]
[SourceVersionDate "1999.07.01"]
[SourceQuality "1"]

1. c4 e5 2. Nc3 Nf6 3. Nf3 Nc6 4. e3 Bb4 5. Nd5 e4 6. Ng1 0-0 7. a3 Bd6 8. d3 exd3 9. Bxd3 b6 10. Nf3 Re8 11. Qc2 h6 12. 0-0 Bb7 13. Rd1 Ne5 14. Be2 Nxd5 15. cxd5 Qf6 16. Rb1 c6 17. Bd2 cxd5 18. Nd4 Rac8 19. Bc3 Bb8 20. Qf5 Qxf5 21. Nxf5 f6 22. h4 Nc4 23. Rbc1 Be5 24. Bxe5 Rxe5 25. Bxc4 Rxc4 26. Rxc4 dxc4 1/2-1/2

[Event "Interpolis-06"]
[Site "Tilburg"]
[Date "1982.09.30"]
[Round "1"]
[White "Petrosian, Tigran V"]
[Black "Andersson, Ulf"]
[Result "1/2-1/2"]
[WhiteElo "2605"]
[BlackElo "2605"]
[PlyCount "40"]
[EventDate "1982.09.30"]
[EventType "tourn"]
[EventRounds "11"]
[EventCountry "NED"]
[EventCategory "14"]
[SourceTitle "MCD"]
[Source "ChessBase"]
[SourceDate "1999.07.01"]
[SourceVersion "1"]
[SourceVersionDate "1999.07.01"]
[SourceQuality "1"]

1. d4 Nf6 2. c4 e6 3. Nf3 Bb4+ 4. Bd2 Qe7 5. g3 0-0 6. Bg2 d5 7. 0-0 Nc6 8. Bg5 dxc4 9. Nfd2 Bxd2 10. Nxd2 h6 11. Bxf6 Qxf6 12. e3 e5 13. d5 Ne7 14. Nxc4 Rd8 15. e4 c6 16. Re1 b5 17. Na5 Rb8 18. Qe2 Bb7 19. Nxb7 Rxb7 20. Rac1 a6 1/2-1/2